Un modelo computable de equilibrio general para una economía pequeña y abierta bajo restricción de líquidez

Guardat en:
Dades bibliogràfiques
Autor principal: Schmidt-Hebbel Dunker, Klaus (Autor)
Format: Llibre
Idioma:espanyol
Publicat: Santiago ILADES 1988
Col·lecció:Programa de Postgrado en Economía ILADES-Georgetown University, Chile. Serie investigación, I-5
Matèries:
Etiquetes: Afegir etiqueta
Sense etiquetes, Sigues el primer a etiquetar aquest registre!

MARC

LEADER 00000nam a2200000 a 4500
001 UCX1252
003 CL-VaPUC
008 900705e19880000CL |||||||||||||||||spa|d
082 0 4 |a 339  |b SCH  |2 21 
100 0 |a Schmidt-Hebbel Dunker, Klaus  |e author  |9 316684 
245 1 3 |a Un modelo computable de equilibrio general para una economía pequeña y abierta bajo restricción de líquidez 
300 |a 33 p 
942 |c BK 
945 |d 19900705 00:00:00 
260 |a Santiago  |b ILADES  |c 1988 
650 7 |a MACROECONOMIA MODELOS  |2 CL-VaPUC  |9 316685 
650 0 |a Política económica   |9 255029 
651 7 |a CHILE  |2 CL-VaPUC  |9 316686 
583 |a last modification  |c 19900705 00:00:00  |k Rodrigo Vera 
490 0 |a Programa de Postgrado en Economía ILADES-Georgetown University, Chile. Serie investigación, I-5 
999 |c 222524  |d 222522 
952 |0 0  |1 0  |4 0  |6 339_000000000000000_SCH_1988  |7 0  |8 A  |9 217385  |a BIBENE  |b BIBENE  |d 2019-11-15  |i 286343K  |o 339 SCH 1988  |p 286343K  |r 2025-01-15  |w 2019-11-15  |y BK  |k ICO